Fiesta del Amor eterno en el Hogar para Matrimonios Ancianos
Publicado:
San Jorge, núm. 66 (abril 1967), pàg 57 :
MARC
| LEADER | 00000nam a2200000Ia 4500 | ||
|---|---|---|---|
| 001 | |||
| 008 | 160829s9999 xx 000 0 cat d | ||
| 245 | |a Fiesta del Amor eterno en el Hogar para Matrimonios Ancianos | ||
| 260 | |a San Jorge, núm. 66 (abril 1967), pàg 57 | ||
| 600 | 1 | 0 | |a Garicano Goñi, Tomás, |d 1910-1988 |9 56121 |
| 610 | 2 | 0 | |a Hogar de Matrimonios Ancianos (Barcelona) |9 54701 |
| 650 | |a Ràdio Barcelona |9 40550 | ||
| 650 | |a Fernández Buenhache, Gustavo |9 40552 | ||
| 650 | |a Fernández Ruiz, Teresa |9 40553 | ||
| 901 | |a Arxiu | ||
| 942 | |n 1 | ||
| 952 | |0 0 |1 0 |4 0 |7 1 |9 49779 |a Arxiu |b Arxiu |d 2016-12-01 |l 0 |r 2016-12-01 00:00:00 |w 2016-12-01 |y ARXIU | ||
| 999 | |c 53621 |d 53621 | ||